01012nam a22002297a 4500003000400000005001700004008004100021010001900062024001800081035001900099040001300118082001500131245007500146260004900221300005700270440003500327500007600362500011200438538008500550538012800635650001900763dpl20080911114410.0080911t xxu||||| |||| 00| 0 eng d aDVD-000466-468 2A2255c499.00 aDVD-000466-468 aDPLcDPL aDVD / SANT aSanta Clause 2cWalt Disney Pictures Presentsh[videorecording] (DVD)/ aBurbank, CAbWalt Disney Home Entertainment a1 videodiscs (107 min.):bsd., col.;c4 3/4 in.fDVD aWalt Disney Home Entertainment aSole Distributor in India M/s Excel Productions Audio Visuals Pvt. Ltd. aSpecial Features- Include The North Pole With Curts, Director Tour of Elfaburg, Gag Reel, Audio Commentary  aDolby Digital 5.1-English,Thai Subtitles-English, Thai, Mandarin, Bahasa, Korean aAspect Ratio:1.85.1, Presentation Type: Wide Screne, Presentation Size 16x9, Formaton: DVD 9- Dual Layer Single sided Disc, 2Animated Movie